Introduction to accounting (Бичлэгийн дугаар. 146006)
| 000 -УДИРДЛАГА | |
|---|---|
| Удирдлага | 00841nam a22003137a 4500 |
| 003 - ХЯНАЛТЫН ТОО ТОДОРХОЙЛОГЧ | |
| Код | MN-UlNUM |
| 005 - БИЧИЛТ ХИЙСЭН ОГНОО | |
| Тухайн бичилтийг бичсэн засварласан сүүлийн огноо | 20251223125943.0 |
| 008 - ЕРӨНХИЙ МЭДЭЭЛЭЛ | |
| Ерөнхий мэдээлэл | 120806s2000 maua|||| |||| 00| | eng d |
| 020 ## - ISBN | |
| ISBN | 0070306893 |
| 040 ## - БИЧЛЭГ ҮҮСГЭГЧ БАЙГУУЛЛАГА | |
| Бичлэг үүсгэгч номын сангийн код | МУИС-ийн номын сан |
| 084 ## - ББК АНГИЛАЛ | |
| Нэмэлт тусгалт | Сурах бичиг |
| ББК ангилал | 65.052 |
| Зохиогчийн гурван тэмдэгт | I 69 |
| Мэдлэгийн ялгаа | 65 - Эдийн засаг |
| 245 10 - ҮНДСЭН ГАРЧИГ | |
| Номын нэр | Introduction to accounting |
| Бага гарчгийн мэдээ | An integrated approach |
| Ботийн дугаар | Volume I : |
| Ботийн нэр | Chapters 1-13 |
| 250 ## - ДАХИН ХЭВЛЭЛТ | |
| Дахин гаралтын дугаар | 2nd ed. |
| 260 ## - ГАРАЛТЫН МЭДЭЭ | |
| Хэвлэгдсэн газар | Boston, Mass. |
| Хэвлэлийн газар | Irwin/McGraw Hill |
| Хэвлэгдсэн он | 2000 |
| 300 ## - МАТЕРИАЛЫН ТОДОРХОЙЛОЛТ | |
| хуудасны тоо | 2 v. : |
| Бусад тоон мэдээлэл | col. ill. |
| Хэмжээ | 29 cm. |
| 500 ## - Тайлбар | |
| Дансны дугаар | БС 4687-490 |
| 546 ## - ХЭЛНИЙ ТУХАЙ МЭДЭЭ | |
| Хэл | Англи хэл дээр, |
| 653 ## - Түлхүүр үг | |
| Түлхүүр үг | economics |
| 653 ## - Түлхүүр үг | |
| Түлхүүр үг | accouting |
| 700 1# - ХАМ ЗОХИОГЧИД | |
| Ба бус | Ainsworth, Penne |
| Relator term | author |
| 700 1# - ХАМ ЗОХИОГЧИД | |
| Ба бус | Deines, Dan |
| Relator term | author |
| 700 1# - ХАМ ЗОХИОГЧИД | |
| Ба бус | Plumlee, R. David |
| Relator term | author |
| 740 ## - НОМЫН ГАРЧИГ | |
| Гарчиг | Planning |
| 740 ## - НОМЫН ГАРЧИГ | |
| Гарчиг | Recording |
| 740 ## - НОМЫН ГАРЧИГ | |
| Гарчиг | Evalution |
| 740 ## - НОМЫН ГАРЧИГ | |
| Гарчиг | Planning |
| 942 ## - ЭЛЕМЕНТИЙН ТӨРӨЛ | |
| Зүйлийн төрөл | Ном |
